Vocabulary Click Quiz: Starting with C - Statistics

General Stats
  • This quiz has been taken 83 times
  • The average score is 14 of 20
Answer Stats
Hint Answer % Correct
Monument to the dead cenotaph
93%
Rotting body of an animal carrion
91%
Bruise contusion
88%
Guided by a sense of right and wrong conscientious
86%
Move sideways or in an unsteady way careen
81%
Rude churlish
81%
Express sympathy commiserate
81%
Emotionally purging cathartic
79%
Loud resonant noise clangor
79%
A covered walk usually in a convent or cathedral cloister
79%
Confidence certitude
75%
Group of people approximately the same age cohort
72%
Come together to form a whole cohere
61%
Having fringe of hairlike projections ciliated
60%
False accusation calumny
56%
Corresponding in size or degree commensurate
54%
Of the same time period coeval
46%
Colleague confrere
42%
Extreme greed for material wealth cupidity
39%
An indication of superior status cachet
35%
No matching quizzes found
Score Distribution
Percent of People with Each Score
Percentile by Number Answered
Your Score History
You have not taken this quiz